| 000 | 00803nam a2200193 i 4500 | ||
|---|---|---|---|
| 001 | 182101 | ||
| 003 | ES-MaACL | ||
| 005 | 20250430203804.0 | ||
| 008 | 130605s1992 sp |||| | spa d | ||
| 100 | 1 |
_aBalcells, José María, _d1943- _924862 |
|
| 245 | 1 | 3 |
_aLa Nueva España y Méjico _b: Bernal Díaz del Castillo y Rafael Alberti / _cJosé María Balcells. |
| 260 |
_aKassel : _bReichenberger, _c1992. |
||
| 300 |
_aP. 147-162 ; _c24 cm. |
||
| 595 | _aSeparata de: Las Indias (América) en la literatura del siglo de oro: actas del Congreso Internacional ... Pamplona, 15-18 de enero de 1992. | ||
| 600 | 0 | 4 |
_aAlberti, Rafael, _d1902-1999- _xCrítica e interpretación _919346 |
| 600 | 0 | 4 |
_aDíaz del Castillo, Bernal. _944257 |
| 852 |
_aES-MaACL _j2141-F-27 |
||
| 999 |
_c182101 _d182101 |
||